Hamabai (Record no. 1646)

MARC details
000 -LEADER
fixed length control field 00440cam a2200181ua 4500
008 - FIXED-LENGTH DATA ELEMENTS--GENERAL INFORMATION
fixed length control field 110719n ii |||gr||||Z||||||eng
040 ## - CATALOGING SOURCE
Transcribing agency MAIN
082 ## - DEWEY DECIMAL CLASSIFICATION NUMBER
Classification number 334
100 ## - MAIN ENTRY--PERSONAL NAME
Personal name Bhattacharya, Dulal,
Relator term
245 1# - TITLE STATEMENT
Title Hamabai
Statement of responsibility, etc. by Dulal Bhattacharya
250 ## - EDITION STATEMENT
Edition statement 1st.
260 ## - PUBLICATION, DISTRIBUTION, ETC.
Place of publication, distribution, etc. Dibrugarh:
Name of publisher, distributor, etc. Banalata,990-91.
Place of publication, distribution, etc. Guahati:
300 ## - PHYSICAL DESCRIPTION
Extent viii; 144p:
Dimensions 23cm.
942 ## - ADDED ENTRY ELEMENTS (KOHA)
Koha item type Books
653 ## - INDEX TERM--UNCONTROLLED
Uncontrolled term Economics
653 ## - INDEX TERM--UNCONTROLLED
Uncontrolled term Co-operation
Holdings
Withdrawn status Lost status Damaged status Not for loan Home library Current library Shelving location Date acquired Total Checkouts Full call number Barcode Date last seen Copy number Price effective from Koha item type
        Naharkatiya College Library Naharkatiya College Library General Stacks 19/09/2020   334 | BHA 2785 19/09/2020 5 19/09/2020 Books
        Naharkatiya College Library Naharkatiya College Library General Stacks 19/09/2020   334 | BHA 2786 19/09/2020 4 19/09/2020 Books
        Naharkatiya College Library Naharkatiya College Library General Stacks 19/09/2020   334 | BHA 2787 19/09/2020 2 19/09/2020 Books
        Naharkatiya College Library Naharkatiya College Library General Stacks 19/09/2020   334 | BHA 2788 19/09/2020 1 19/09/2020 Books
        Naharkatiya College Library Naharkatiya College Library General Stacks 19/09/2020   334 | BHA 2789 19/09/2020 3 19/09/2020 Books

Naharkatiya College © 2020. All rights reserved.

Powered By